00952nam a2200289ua 4500003000900000005001700009008004100026015001700067020001800084040002800102082002200130100002100152245004500173260006100218300001700279500002200296500002100318504002800339534004800367650003400415650003400449650003900483650003400522650004100556700003300597700003200630CO-ViMGA20230915233142.0100528s2010 ck gr 001 0 spa d ack-2010-xxxx a9789583034503 aCO-ViMGAbspacCO-ViMGA04a658.3 bM22g 2211 aMcClain, Gary R.13aEl Gran Libro de la Gerencia de Personal3 aBogotá, D.C. ColombiabPanamericana Editorial, c2010. a300 pc23 cm aIncluye Glosario. aIncluye Ìndice aIncluye Bibliografía  pTítulo original : tManaging people book.14aAdministración de Empresas.14aAdministración de Personal.14aConducta Competitiva del Personal.14aGerencia de Recursos Humanos.14aPlanificación de Recursos Humanos.1 aRomaine, Deborah S., d1956-1 aSchmid, Marisa Ilona, etr.